La representación del futuro del alumnado

Las ciencias sociales pretenden educar a alumnos y alumnas para que se conviertan en ciudadanos activos, responsables y con unos valores capaces de contribuir al desarrollo, es decir, construir el futuro. Este elemento de la temporalidad humana ha recibido siempre atención por parte de todas las civ...

Full description

Bibliographic Details
Main Author: Anguera, Carles
Other Authors: Santisteban, Antoni
Format: Analitica de revista
Language:Spanish
Published: Barcelona, España GRAÓ 2013
Subjects:

MARC

LEADER 00000cab a2200000 a 4500
001 034275
003 UAHC_CL
005 20220929063620.0
008 140530s2013 sp 000 spa
952 |0 0  |1 0  |2 ddc  |4 0  |6 ÍBER_73_13_000000000000000  |7 0  |8 COMP  |9 90160  |a BC  |b BC  |c Hemeroteca  |d 2018-07-11  |l 0  |o ÍBER-73/13  |r 2018-07-11 00:00:00  |w 2018-07-11  |y REVA 
999 |c 50895  |d 50895 
040 |a UAHC_CL  |c UAHC_CL  |d UAHC_CL 
100 |a Anguera, Carles  |9 3913 
245 1 3 |a La representación del futuro del alumnado  |c Carles Anguera Cerarols, Antoni Santiesteban Fernández. 
260 |b GRAÓ  |a Barcelona, España  |c 2013 
300 |a p. 81-89 
310 |a Trimestral 
500 |a En: Íber. Didáctica de las Ciencias Sociales, geografía e historia. No. 73, abril 2013. pp. 81-89. ISSN: 1133-9810. 
520 |a Las ciencias sociales pretenden educar a alumnos y alumnas para que se conviertan en ciudadanos activos, responsables y con unos valores capaces de contribuir al desarrollo, es decir, construir el futuro. Este elemento de la temporalidad humana ha recibido siempre atención por parte de todas las civilizaciones. A partir de un trabajo de investigación que realizamos con alumnos de tercero de la ESO, analizamos qué imágenes del futuro tienen éstos y la importancia de que los estudiantes puedan aprenderlo. Si no incorporamos el aprendizaje del futuro, el fin de las ciencias sociales no se alcanza. 
650 0 |a Aprendizaje  |9 408 
650 0 |a Representaciones sociales  |9 3915 
653 |a Conciencia histórica 
653 |a Temporalidad humana 
700 |9 3914  |a Santisteban, Antoni 
773 0 |t Iber : Didáctica de las ciencias sociales, geografía e historia.  |w 034242 
900 |a IBER-73/13 
942 |c REVA  |2 ddc